Sociology in East Pakistan/ (Record no. 17506)

MARC details
000 -LEADER
fixed length control field 00874cam a22002771 4500
001 - CONTROL NUMBER
control field 9849882
003 - CONTROL NUMBER IDENTIFIER
control field ASL
005 - DATE AND TIME OF LATEST TRANSACTION
control field 20231015025543.0
008 - FIXED-LENGTH DATA ELEMENTS--GENERAL INFORMATION
fixed length control field 780316s1962 bg a 000 0 eng
010 ## - LIBRARY OF CONGRESS CONTROL NUMBER
LC control number sa 63003923
025 ## - OVERSEAS ACQUISITION NUMBER
Overseas acquisition number PL480:EP-E-107
035 ## - SYSTEM CONTROL NUMBER
System control number (OCoLC)3723638
040 ## - CATALOGING SOURCE
Original cataloging agency DLC
Transcribing agency NmU
Modifying agency OCoLC
-- ASL
050 00 - LIBRARY OF CONGRESS CALL NUMBER
Classification number HN690.5
Item number .O9
082 ## - DEWEY DECIMAL CLASSIFICATION NUMBER
Classification number 301.09547
Item number OWS
100 1# - MAIN ENTRY--PERSONAL NAME
Personal name Owen, John E.,
Relator term ed.
9 (RLIN) 73
245 10 - TITLE STATEMENT
Title Sociology in East Pakistan/
260 ## - PUBLICATION, DISTRIBUTION, ETC.
Place of publication, distribution, etc. Dacca:
Name of publisher, distributor, etc. Asiatic Society of Pakistan,
Date of publication, distribution, etc. 1962.
300 ## - PHYSICAL DESCRIPTION
Extent iii, 275 p.:
Other physical details tables;
Dimensions 24 cm.
410 20 - SERIES STATEMENT/ADDED ENTRY--CORPORATE NAME [OBSOLETE, CAN/MARC], [LOCAL, USA]
Corporate name or jurisdiction name as entry element Asiatic Society of Pakistan publication;
Title of a work Occasional studies,
Volume number/sequential designation 1
440 ## - SERIES STATEMENT/ADDED ENTRY--TITLE
Title Asiatic Society of Pakistan publication;
9 (RLIN) 212
Volume/sequential designation no. 13
650 #0 - SUBJECT ADDED ENTRY--TOPICAL TERM
Topical term or geographic name entry element Islamic sociology.
9 (RLIN) 74
651 #0 - SUBJECT ADDED ENTRY--GEOGRAPHIC NAME
Geographic name Bangladesh
General subdivision Social conditions.
9 (RLIN) 56
906 ## - LOCAL DATA ELEMENT F, LDF (RLIN)
a 7
b cbc
c oclcrpl
d u
e ncip
f 19
g y-gencatlg
942 ## - ADDED ENTRY ELEMENTS (KOHA)
Source of classification or shelving scheme Dewey Decimal Classification
Koha item type Books
Holdings
Withdrawn status Lost status Source of classification or shelving scheme Damaged status Not for loan Collection code Home library Current library Shelving location Date acquired Source of acquisition Serial Enumeration / chronology Total Checkouts Full call number Barcode Date last seen Copy number Price effective from Koha item type Public note
    Dewey Decimal Classification   Not For Loan Non-fiction Asiatic Society Library Asiatic Society Library ASB Publications 12/07/2016 ASB Publications ASP-013   301.09547 OWS 100066 12/07/2016 C-1 12/07/2016 Books Rare
    Dewey Decimal Classification   Not For Loan Non-fiction Asiatic Society Library Asiatic Society Library General Stacks 12/07/2016 ASB Publications ASP-013   301.09547 OWS 100067 12/07/2016 C-2 12/07/2016 Books Rare
    Dewey Decimal Classification   Not For Loan Non-fiction Asiatic Society Library Asiatic Society Library General Stacks 12/07/2016 ASB Publications ASP-013   301.09547 OWS 100068 12/07/2016 C-3 12/07/2016 Books Rare
    Dewey Decimal Classification   Not For Loan Non-fiction Asiatic Society Library Asiatic Society Library General Stacks 12/07/2016 ASB Publication     301.09547 OWS 100069 12/07/2016 4 12/07/2016 Books  
    Dewey Decimal Classification Damaged Not For Loan Non-fiction Asiatic Society Library Asiatic Society Library General Stacks 12/07/2016 ASB Publication     301.09547 OWS 100070 12/07/2016 5 12/07/2016 Books  

Powered by Koha